Landfill consultation: industry must take part (Record no. 65748)

MARC details
000 -LEADER
fixed length control field 01264cam a2200205 4500
001 - CONTROL NUMBER
control field ABS63308
008 - FIXED-LENGTH DATA ELEMENTS--GENERAL INFORMATION
fixed length control field 000000n2000 000 0 eng u
035 ## - SYSTEM CONTROL NUMBER
System control number (Sirsi) u110258
100 ## - MAIN ENTRY--PERSONAL NAME
Personal name Rice, P
245 ## - TITLE STATEMENT
Title Landfill consultation: industry must take part
260 ## - PUBLICATION, DISTRIBUTION, ETC.
Date of publication, distribution, etc. 2000
490 ## - SERIES STATEMENT
Series statement Wastes Management
Volume/sequential designation December 2000, 17(1)
520 ## - SUMMARY, ETC.
Summary, etc. Discusses the DETR consultation paper on the implementation of Landfill Directive. It emphasises that the industry must take part in the consultation as, while the paper only relates to England and Wales, it is likely to shape the implementation of legislation throughout the UK and it is easier and cheaper than judicial review proceedings. Looks at the objectives of the Landfill Directive which is to prevent, or at least reduce, the effects of landfilling on both health and environment, falling in line with government policy towards the environment and reduction of greenhouse gases. It continues with a look at the implementation process and procedural changes, before finishing with any exemptions.
590 ## - LOCAL NOTE (RLIN)
Local note ABS
650 ## - SUBJECT ADDED ENTRY--TOPICAL TERM
Topical term or geographic name entry element DIRECTIVE 99/31/EC
650 ## - SUBJECT ADDED ENTRY--TOPICAL TERM
Topical term or geographic name entry element LANDFILL SITES
650 ## - SUBJECT ADDED ENTRY--TOPICAL TERM
Topical term or geographic name entry element CONSULTATION PAPER
690 ## - LOCAL SUBJECT ADDED ENTRY--TOPICAL TERM (OCLC, RLIN)
Topical term or geographic name as entry element ENVIRONMENTAL AND LAND CONSULTANCY-ENVIRONMENTAL MANAGEMENT
942 ## - ADDED ENTRY ELEMENTS (KOHA)
Suppress in OPAC 0
Holdings
Withdrawn status Lost status Source of classification or shelving scheme Damaged status Not for loan Home library Current library Shelving location Date acquired Total Checkouts Full call number Barcode Date last seen Copy number Price effective from Koha item type
    Dewey Decimal Classification     London London Journal article 09/01/2001   ABS63308 110258-1001 06/08/2019 1 06/08/2019 Journal article